La soltería en mujeres de mediana edad /
Se analizan las experiencias, expectativas y concepciones sobre la soltería sostenidas por un grupo de mujeres costarricenses solteras, amas de casa y asalariadas, en la mediana edad. Se observa que ellas tratan de integrar las contradicciones entre su vida y los demandas de la sociedad
Uloženo v:
| Hlavní autor: | |
|---|---|
| Médium: | Text |
| Témata: | |
| Tagy: |
Přidat tag
Žádné tagy, Buďte první, kdo vytvoří štítek k tomuto záznamu!
|
MARC
| LEADER | 00000 a a2200000 04500 | ||
|---|---|---|---|
| 001 | 13757 | ||
| 003 | |||
| 040 | |||
| 100 | |a Villareal Montoya, Cecilia | ||
| 245 | |a La soltería en mujeres de mediana edad / |c Cecilia Villareal Montoya | ||
| 520 | |a Se analizan las experiencias, expectativas y concepciones sobre la soltería sostenidas por un grupo de mujeres costarricenses solteras, amas de casa y asalariadas, en la mediana edad. Se observa que ellas tratan de integrar las contradicciones entre su vida y los demandas de la sociedad | ||
| 650 | |a MUJERES | ||
| 650 | |a PERSONAS NO CASADAS | ||
| 650 | |a ADULTOS | ||
| 650 | |a ROL DE LA MUJER | ||
| 650 | |a OPINION | ||
| 650 | |a GENERO | ||
| 650 | |a ESTEREOTIPOS | ||
| 650 | |a COSTA RICA | ||
| 773 | |g volumen 87, número 1; páginas 99-111 | ||
| 999 | |c 23184 |d 23184 | ||
